နိင်ငံတော်ငြိမ်ဝပ် ပိပြား‌မှု တည်ဆောက်ရေးအဖွဲ့ဥက္ကဌတပ်မတော်ကာကွယ်ရေးဦးစီးချုပ် ဗိုလ်မှူးကြီးစောမောင်.../ (Record no. 27253)

000 -LEADER
fixed length control field 01164nam a22001697a 4500
005 - DATE AND TIME OF LATEST TRANSACTION
control field 20260123085658.0
008 - FIXED-LENGTH DATA ELEMENTS--GENERAL INFORMATION
fixed length control field 230715b ||||| |||| 00| 0 eng d
040 ## - CATALOGING SOURCE
Transcribing agency SSBUL
Modifying agency SSBUL
082 ## - DEWEY DECIMAL CLASSIFICATION NUMBER
Edition number 23
Classification number ၈၉၅.၈၅ နိုင် ၁၆၁၁၉ (S-SAT)
245 ## - TITLE STATEMENT
Title နိင်ငံတော်ငြိမ်ဝပ် ပိပြား‌မှု တည်ဆောက်ရေးအဖွဲ့ဥက္ကဌတပ်မတော်ကာကွယ်ရေးဦးစီးချုပ် ဗိုလ်မှူးကြီးစောမောင်.../
260 ## - PUBLICATION, DISTRIBUTION, ETC.
Place of publication, distribution, etc. ရန်ကုန်၊
Name of publisher, distributor, etc. ကြေးမုံသတင်းစာတိုက်၊
Date of publication, distribution, etc. ၁၉၉၀။
300 ## - PHYSICAL DESCRIPTION
Extent ၃၁၀ စာမျက်နှာ၊
Other physical details ဓာတ်ပုံများ၊
Dimensions ၂၃ စင်တီ။
500 ## - GENERAL NOTE
General note S-SAT: Dr. Prof Sai Aung Tun
650 ## - SUBJECT ADDED ENTRY--TOPICAL TERM
Topical term or geographic name entry element မိန့်ခွန်း
Form subdivision ဗိုလ်ချုပ်မှူးကြီးစောမောင်။
9 (RLIN) 28056
Topical term or geographic name entry element နိုင်ငံတော်ငြမ်ဝပ်ပိပြားမှု တည်ဆောက်ရေးအဖွဲ့။
9 (RLIN) 28057
942 ## - ADDED ENTRY ELEMENTS (KOHA)
Source of classification or shelving scheme
Koha item type Book (Short term)
Holdings
Withdrawn status Lost status Source of classification or shelving scheme Damaged status Not for loan Collection code Permanent Location Current Location Shelving location Date acquired Total Checkouts Full call number Barcode Date last seen Price effective from Koha item type Accession
          Special Collections Shan State Buddhist University Library Shan State Buddhist University Library Special Collection Shelves 15/07/2023   ၈၉၅.၈၅ နိုင် ၁၆၁၁၉ (S-SAT) MB00016119 15/07/2023 15/07/2023 Book (Short term) ၁၆၁၁၉ (S-SAT)

Library - 09407999929
Admin Office - 09407999979
Dean Office - 09250910768
Registrar Office - 09892297154
Email - [email protected]
Shan State Buddhist University, Phaya Phyu Taunggyi, Shan State, Myanmar.